U.S. Open Golf Courses - Statistics

General Stats
  • This quiz has been taken 1,398 times
  • The average score is 33 of 66
Answer Stats
Hint Answer % Correct
2010 Pebble Beach Golf Links
91%
2000 Pebble Beach Golf Links
91%
1992 Pebble Beach Golf Links
91%
1982 Pebble Beach Golf Links
91%
1972 Pebble Beach Golf Links
91%
2007 Oakmont Country Club
73%
1994 Oakmont Country Club
73%
1983 Oakmont Country Club
73%
1973 Oakmont Country Club
73%
1962 Oakmont Country Club
73%
1953 Oakmont Country Club
73%
2009 Bethpage State Park
71%
2002 Bethpage State Park
71%
2014 Pinehurst No.2
71%
2005 Pinehurst No.2
71%
1999 Pinehurst No.2
71%
2008 Torrey Pines
63%
2004 Shinnecock Hills Golf Club
59%
1995 Shinnecock Hills Golf Club
59%
1986 Shinnecock Hills Golf Club
59%
2006 Winged Foot Golf Club
59%
1984 Winged Foot Golf Club
59%
1974 Winged Foot Golf Club
59%
1959 Winged Foot Golf Club
59%
2013 Merion Golf Club
58%
1981 Merion Golf Club
58%
1971 Merion Golf Club
58%
1950 Merion Golf Club
58%
2015 Chambers Bay
54%
2011 Congressional Country Club
52%
1997 Congressional Country Club
52%
1964 Congressional Country Club
52%
2012 Olympic Club
52%
1998 Olympic Club
52%
1966 Olympic Club
52%
1955 Olympic Club
52%
1987 Olympic Golf Club
52%
1989 Oak Hill Country Club
40%
1968 Oak Hill Country Club
40%
1956 Oak Hill Country Club
40%
1990 Medinah Country Club
38%
1975 Medinah Country Club
38%
1988 The Country Club
37%
1963 The Country Club
37%
2001 Southern Hills Country Club
36%
1977 Southern Hills Country Club
36%
1958 Southern Hills Country Club
36%
1996 Oakland Hills Country Club
35%
1985 Oakland Hills Country Club
35%
1961 Oakland Hills Country Club
35%
1951 Oakland Hills Country Club
35%
1993 Baltusrol Golf Club
33%
1980 Baltusrol Golf Club
33%
1967 Baltusrol Golf Club
33%
1954 Baltusrol Golf Club
33%
1978 Cherry Hills Country Club
30%
1960 Cherry Hills Country Club
30%
1991 Hazeltine National Golf Club
30%
1970 Hazeltine National Golf Club
30%
2003 Olympia Fields Country Club
30%
1976 Atlanta Athletic Club
19%
1979 Inverness Club
17%
1957 Inverness Club
17%
1965 Bellerive Country Club
15%
1969 Champions Golf Club
11%
1952 Northwood Club
7%
No matching quizzes found
Score Distribution
Percent of People with Each Score
Percentile by Number Answered
Your Score History
You have not taken this quiz